000 00928nam a2200265 i 4500
003 DO-SdBNP
005 20250131094107.0
007 ta
008 240319b2011 dr ||||| |||| 00| 0 spa d
020 _a9789945412444
040 _aDO-SdBNP
_bspa
_cBNPHU
_erda
082 4 _axxxx
_bxxx
_222
245 0 3 _aEl pentagonismo 42 años después /
_ccoordinación e introducción, Luis Céspedes Espinosa
264 1 _aSanto Domingo :
_bEditora Fundación Global Democracia y Desarrollo,
_c2011.
300 _a271 páginas ;
_c23 cm.
336 _atexto
_btxt
_2rdacontent
337 _asin mediación
_bn
_2rdamedia
338 _avolumen
_bnc
_2rdacarrier
490 _aColección Cátedra Juan Bosch
500 _aIncluye referencias bibliográficas y notas al pie de las páginas
590 _aInventariado, 2024/BT
700 1 _aCéspedes Espinosa, Luis,
_ecoordinador
_4coord.
_985068
910 _aBtavárez
942 _2ddc
_cLBS1
999 _c56143
_d56143